[Event "Titled Tue 17th Jun Late"]
[Site "chess.com INT"]
[Date "2025.06.17"]
[Round "1"]
[White "Al-Tarboush, Ward"]
[Black "Vera Gonzalez-Quevedo, Reynaldo"]
[Result "1-0"]
[WhiteTitle "FM"]
[BlackTitle "GM"]
[WhiteElo "2223"]
[BlackElo "2302"]
[WhiteFideId "7601450"]
[BlackFideId "3500055"]
[EventDate "2025.06.17"]

1. e4 c5 2. Nf3 d6 3. d4 cxd4 4. Nxd4 Nf6 5. Nc3 a6 6. h3 b5 7. a4 b4 8. Nd5 e6
9. Nxb4 d5 10. c3 Nxe4 11. Bd3 Nc5 12. Bc2 e5 13. Nf3 e4 14. Ng5 Bb7 15. O-O Be7
16. Qh5 Bxg5 17. Bxg5 Qd7 18. Rad1 Qf5 19. Nxd5 Bxd5 20. c4 Nd3 21. cxd5 O-O 22.
Qg4 Qxg4 23. hxg4 Nd7 24. Bxd3 exd3 25. Rxd3 Rab8 26. b4 Rfe8 27. Rd4 Re5 28.
Bf4 f6 29. Bxe5 Nxe5 30. d6 Rd8 31. Rfd1 1-0

[Event "Titled Tue 17th Jun Late"]
[Site "chess.com INT"]
[Date "2025.06.17"]
[Round "1"]
[White "Grzesik, Gracjan"]
[Black "Firouzja, Alireza"]
[Result "0-1"]
[WhiteTitle "CM"]
[BlackTitle "GM"]
[WhiteElo "2175"]
[BlackElo "2766"]
[WhiteFideId "1194593"]
[BlackFideId "12573981"]
[EventDate "2025.06.17"]

1. c4 g6 2. Nc3 Bg7 3. g3 Nf6 4. Bg2 O-O 5. d4 d6 6. e4 Nbd7 7. Nge2 e5 8. O-O
exd4 9. Nxd4 Re8 10. f3 c6 11. b3 d5 12. cxd5 cxd5 13. exd5 Nb6 14. Bb2 Nbxd5
15. Nxd5 Nxd5 16. Re1 Ne3 17. Qd2 Nxg2 18. Kxg2 b6 19. Rxe8+ Qxe8 20. Re1 Qd7
21. Qe2 Qh3+ 22. Kg1 Bb7 23. Qe8+ Rxe8 24. Rxe8+ Bf8 25. Ba3 Qd7 26. Rxf8+ Kg7
27. Ne2 Bxf3 28. Kf2 Bxe2 29. Kxe2 Qe6+ 30. Kd2 Qd5+ 31. Kc2 Qg2+ 32. Kc3 Qxh2
33. Bd6 Qxa2 34. Rd8 Qe2 35. Kd4 g5 36. Be5+ f6 37. Bd6 h5 38. Rd7+ Kg6 39. Kd5
Qf3+ 40. Ke6 Qg4+ 41. Ke7 h4 42. gxh4 gxh4 43. Rd8 Qe4+ 44. Kd7 Qb7+ 45. Bc7
Qd5+ 46. Ke7 Qf7+ 47. Kd6 h3 48. Rd7 h2 49. Rxf7 Kxf7 50. Kd7 h1=Q 0-1

[Event "Titled Tue 17th Jun Late"]
[Site "chess.com INT"]
[Date "2025.06.17"]
[Round "1"]
[White "Gumularz, Szymon"]
[Black "Ferreira, Vitor Hugo Vieira"]
[Result "1-0"]
[WhiteTitle "GM"]
[WhiteElo "2605"]
[BlackElo "2128"]
[WhiteFideId "1188062"]
[BlackFideId "2119765"]
[EventDate "2025.06.17"]

1. e4 c5 2. Nf3 d6 3. d4 cxd4 4. Nxd4 Nf6 5. Nc3 a6 6. h3 h5 7. f4 e5 8. Nf3
Nbd7 9. Bc4 b5 10. Bb3 Be7 11. O-O O-O 12. Ng5 Bb7 13. fxe5 dxe5 14. Qf3 Nc5 15.
Be3 Nxb3 16. axb3 Qc7 17. Rf2 Bc5 18. Raf1 Bxe3 19. Qxe3 Qd6 20. Qg3 b4 21. Rxf6
Qd4+ 22. Kh2 bxc3 23. bxc3 Qd7 24. Rxf7 Rxf7 25. Rxf7 Qc6 26. Qxe5 Qg6 27. Rxb7
Re8 28. Rxg7+ 1-0

[Event "Titled Tue 17th Jun Late"]
[Site "chess.com INT"]
[Date "2025.06.17"]
[Round "1"]
[White "Cupid, Kevin"]
[Black "Shuvalova, Polina"]
[Result "1-0"]
[WhiteTitle "FM"]
[BlackTitle "IM"]
[WhiteElo "2189"]
[BlackElo "2480"]
[WhiteFideId "7700512"]
[BlackFideId "24171760"]
[EventDate "2025.06.17"]

1. d4 Nf6 2. c4 e6 3. Nf3 d5 4. Nc3 a6 5. cxd5 exd5 6. Bg5 Be6 7. e3 Nbd7 8. Qb3
Rb8 9. Be2 c6 10. Bf4 Be7 11. O-O Rc8 12. Qxb7 O-O 13. Qxa6 c5 14. Qa4 Nb6 15.
Qc2 h6 16. dxc5 Bxc5 17. Rad1 Qe7 18. Nd4 Rfd8 19. Ba6 Bxd4 20. Bxc8 Rxc8 21.
Rxd4 Nc4 22. Qb3 Rc6 23. Rfd1 Rb6 24. Nb5 Ne4 25. a4 Qf6 26. Qc2 h5 27. Rxc4
dxc4 28. Qxe4 Bf5 29. Qd4 Qh6 30. Bxh6 1-0

[Event "Titled Tue 17th Jun Late"]
[Site "chess.com INT"]
[Date "2025.06.17"]
[Round "1"]
[White "Domingo Nunez, Alejandro"]
[Black "Reinecke, Katharina"]
[Result "1-0"]
[WhiteTitle "FM"]
[BlackTitle "WCM"]
[WhiteElo "2340"]
[BlackElo "1921"]
[WhiteFideId "22245561"]
[BlackFideId "12929727"]
[EventDate "2025.06.17"]

1. e4 c6 2. Nf3 d5 3. Nc3 Bg4 4. h3 Bxf3 5. Qxf3 e6 6. g3 Nf6 7. Bg2 dxe4 8.
Nxe4 Nxe4 9. Qxe4 Nd7 10. O-O Nf6 11. Qe3 Bd6 12. b3 O-O 13. Bb2 Nd5 14. Qe2 Qg5
15. c4 Nf6 16. d4 Nh5 17. Qf3 Rad8 18. Rad1 h6 19. Rfe1 Bb4 20. Re5 f5 21. Rxe6
Rfe8 22. Rxe8+ Rxe8 23. h4 Qg6 24. d5 cxd5 25. Qxd5+ Kh8 26. Qxb7 Bc5 27. Qc6
Nxg3 28. Qxg6 1-0

[Event "Titled Tue 17th Jun Late"]
[Site "chess.com INT"]
[Date "2025.06.17"]
[Round "1"]
[White "Mahdavi, Reza"]
[Black "Chocenka, Dmitrijus"]
[Result "1-0"]
[WhiteTitle "IM"]
[BlackTitle "FM"]
[WhiteElo "2454"]
[BlackElo "2314"]
[WhiteFideId "12595926"]
[BlackFideId "12802336"]
[EventDate "2025.06.17"]

1. e4 c5 2. Nf3 Nc6 3. Bb5 g6 4. c3 Bg7 5. d4 cxd4 6. cxd4 a6 7. Bc4 b5 8. Bb3
Na5 9. Bc2 Nf6 10. Nc3 Bb7 11. a3 O-O 12. O-O Rc8 13. Re1 d6 14. h3 h6 15. Qe2
Re8 16. e5 Nd5 17. e6 f5 18. Nh4 Rxc3 19. bxc3 Nxc3 20. Qe3 Nd5 21. Qg3 g5 22.
Nxf5 Qc7 23. Bxg5 Qxc2 24. Bxh6 1-0

[Event "Titled Tue 17th Jun Late"]
[Site "chess.com INT"]
[Date "2025.06.17"]
[Round "1"]
[White "Petersson, Kjell"]
[Black "Vaganian, Rafael A"]
[Result "0-1"]
[WhiteTitle "CM"]
[BlackTitle "GM"]
[WhiteElo "2068"]
[BlackElo "2449"]
[WhiteFideId "1705148"]
[BlackFideId "13300016"]
[EventDate "2025.06.17"]

1. d4 e6 2. Bf4 c5 3. e3 Qb6 4. Nc3 cxd4 5. exd4 Qxb2 6. Nb5 Bb4+ 7. Bd2 Bxd2+
8. Kxd2 Na6 9. Rb1 Qxa2 10. Nd6+ Ke7 11. Nxb7 Nf6 12. Ra1 Qd5 13. Bxa6 Bxb7 14.
Nf3 Rhc8 15. Re1 Ne4+ 16. Kc1 Bxa6 17. Rxa6 Qc4 18. Ra3 Nc3 19. Qd2 Rab8 20. Ne5
Rb1# 0-1

[Event "Titled Tue 17th Jun Late"]
[Site "chess.com INT"]
[Date "2025.06.17"]
[Round "1"]
[White "Guliev, Gasan"]
[Black "Piesik, Piotr"]
[Result "0-1"]
[WhiteTitle "CM"]
[BlackTitle "IM"]
[WhiteElo "2123"]
[BlackElo "2436"]
[WhiteFideId "34165638"]
[BlackFideId "1136194"]
[EventDate "2025.06.17"]

1. e4 g6 2. d4 Bg7 3. Be3 c6 4. Qd2 d5 5. Nc3 dxe4 6. Nxe4 Nf6 7. Nxf6+ Bxf6 8.
O-O-O Be6 9. Kb1 Nd7 10. Nf3 Nb6 11. b3 a5 12. a4 Nd5 13. Bg5 O-O 14. h4 Bg4 15.
Be2 h5 16. Ne5 Bxe2 17. Rde1 Bxe5 18. dxe5 Bg4 19. f3 Bf5 20. g4 hxg4 21. h5 Nb4
22. Qc3 Bxc2+ 23. Ka1 Qd3 24. Qxd3 Bxd3 25. Kb2 f6 26. exf6 exf6 27. Bh6 Rf7 28.
hxg6 Bxg6 29. fxg4 Nd3+ 30. Kc3 Nxe1 31. Rxe1 Rd8 32. Re3 Rfd7 33. Kc4 b6 34.
Re6 Bf7 0-1

[Event "Titled Tue 17th Jun Late"]
[Site "chess.com INT"]
[Date "2025.06.17"]
[Round "1"]
[White "Bilous, Mykhailo"]
[Black "Demchenko, Anton"]
[Result "0-1"]
[WhiteTitle "IM"]
[BlackTitle "GM"]
[WhiteElo "2419"]
[BlackElo "2619"]
[WhiteFideId "14127555"]
[BlackFideId "4160258"]
[EventDate "2025.06.17"]

1. d4 d6 2. c4 Nf6 3. Nc3 g6 4. e4 Bg7 5. f3 O-O 6. Be3 a6 7. Nge2 Nbd7 8. Qd2
b5 9. cxb5 axb5 10. Nxb5 c6 11. Nbc3 e5 12. dxe5 Nxe5 13. Nd4 d5 14. exd5 Nxd5
15. Nxd5 Qxd5 16. a3 Re8 17. Be2 Nc4 18. Bxc4 Qxd4 19. Kf2 Qxc4 20. Rac1 Qb3 21.
Rhe1 Qxb2 22. Qxb2 Bxb2 23. Rxc6 Bxa3 24. Ra1 Be6 25. Bd4 Bf8 26. Rxa8 Rxa8 27.
Rc7 Ra2+ 28. Ke3 Bg7 0-1

[Event "Titled Tue 17th Jun Late"]
[Site "chess.com INT"]
[Date "2025.06.17"]
[Round "1"]
[White "Gkavardinas, Antonios"]
[Black "Perez Rojas, Jorge"]
[Result "1-0"]
[WhiteTitle "FM"]
[BlackTitle "FM"]
[WhiteElo "2278"]
[BlackElo "2100"]
[WhiteFideId "25883097"]
[BlackFideId "3452093"]
[EventDate "2025.06.17"]

1. b3 e5 2. Bb2 Nc6 3. g3 g6 4. Bg2 Bg7 5. Nf3 Nge7 6. O-O O-O 7. e4 d5 8. exd5
Nxd5 9. Re1 Re8 10. d3 a5 11. Nbd2 a4 12. bxa4 Nb6 13. Rb1 Nxa4 14. Ba1 Ra7 15.
Nc4 f6 16. Nfd2 Bd7 17. Qf3 Qe7 18. h4 Qf7 19. Qe3 b6 20. Ne4 Re7 21. f4 exf4
22. Qxf4 f5 23. Ng5 Rxe1+ 24. Rxe1 Qf8 25. Bd5+ Kh8 26. Nf7+ Kg8 27. Nfe5+ Kh8
28. Nxg6+ hxg6 29. Qh6# 1-0

[Event "Titled Tue 17th Jun Late"]
[Site "chess.com INT"]
[Date "2025.06.17"]
[Round "1"]
[White "Szpar, Milosz"]
[Black "Smieszek, Wojciech"]
[Result "1-0"]
[WhiteTitle "IM"]
[BlackTitle "CM"]
[WhiteElo "2495"]
[BlackElo "2141"]
[WhiteFideId "1184989"]
[BlackFideId "1156047"]
[EventDate "2025.06.17"]

1. e4 c5 2. c3 g6 3. d4 cxd4 4. cxd4 Bg7 5. Nc3 d6 6. h3 Nf6 7. Nf3 O-O 8. Bd3
Nc6 9. Be3 e5 10. d5 Ne7 11. Nd2 a6 12. O-O Nh5 13. Re1 Nf4 14. Bf1 f5 15. a4 g5
16. Nc4 Neg6 17. Nb6 Rb8 18. Nxc8 Rxc8 19. exf5 Rxf5 20. Qb3 Qd7 21. g3 Rcf8 22.
Ne4 h5 23. Rac1 g4 24. gxf4 exf4 25. Bb6 Qe7 26. Ng3 Be5 27. Nxf5 Rxf5 28. Rc8+
Nf8 29. Qd3 Qg5 30. h4 Qf6 31. Bd8 Qf7 32. Be7 Bg7 33. Bxf8 Bxf8 34. Ree8 g3 35.
Rxf8+ 1-0

[Event "Titled Tue 17th Jun Late"]
[Site "chess.com INT"]
[Date "2025.06.17"]
[Round "1"]
[White "George Samir, David"]
[Black "Sailer, Mike"]
[Result "1-0"]
[WhiteTitle "FM"]
[WhiteElo "2356"]
[BlackElo "2108"]
[WhiteFideId "10657789"]
[BlackFideId "2012901"]
[EventDate "2025.06.17"]

1. e4 d5 2. exd5 Qxd5 3. Nc3 Qd6 4. d4 c6 5. Nf3 Bf5 6. g3 Nf6 7. Bf4 Qd8 8. Bg2
e6 9. O-O Bd6 10. Ne5 O-O 11. Re1 h6 12. Ne2 Qc7 13. c4 Nbd7 14. c5 Bxe5 15.
dxe5 Nd5 16. Nd4 Bh7 17. Bxd5 cxd5 18. Rc1 a6 19. Qg4 Kh8 20. h4 Qa5 21. a3 Qa4
22. Qd1 Qa5 23. Re3 Rac8 24. b4 Qc7 25. g4 Nb8 26. g5 hxg5 27. hxg5 g6 28. Rh3
Kg7 29. Qf3 Rh8 30. Bg3 Nc6 31. Qf6+ Kg8 32. Rd1 Nxd4 33. Rxd4 b6 34. cxb6 Qxb6
35. Rdh4 Qd8 36. Qxh8+ Kxh8 37. Rxh7+ Kg8 38. Rh8+ Kg7 39. R3h7# 1-0

[Event "Titled Tue 17th Jun Late"]
[Site "chess.com INT"]
[Date "2025.06.17"]
[Round "1"]
[White "Jiganchine, Roman"]
[Black "Haydon, David L"]
[Result "0-1"]
[WhiteTitle "CM"]
[BlackTitle "FM"]
[WhiteElo "2205"]
[BlackElo "2284"]
[WhiteFideId "2603667"]
[BlackFideId "415405"]
[EventDate "2025.06.17"]

1. Nf3 Nf6 2. c4 e6 3. b3 b6 4. Bb2 Bb7 5. Nc3 d5 6. e3 a6 7. d4 Bd6 8. Bd3 Nbd7
9. O-O O-O 10. Qe2 Ne4 11. Rac1 f5 12. Rfd1 Qf6 13. a3 Qh6 14. g3 Rae8 15. cxd5
exd5 16. Rc2 f4 17. Bxe4 dxe4 18. Ne5 fxg3 19. hxg3 Bxe5 20. dxe5 Nxe5 21. Kg2
Bc8 22. Rh1 Qg6 23. Nd5 Bg4 24. Qf1 Bf3+ 25. Kg1 Bxh1 26. Bxe5 Bf3 27. g4 Rxe5 0-1

[Event "Titled Tue 17th Jun Late"]
[Site "chess.com INT"]
[Date "2025.06.17"]
[Round "1"]
[White "Naroditsky, Daniel"]
[Black "Sohal, Tanraj"]
[Result "1-0"]
[WhiteTitle "GM"]
[BlackTitle "FM"]
[WhiteElo "2619"]
[BlackElo "2234"]
[WhiteFideId "2026961"]
[BlackFideId "2608499"]
[EventDate "2025.06.17"]

1. e4 c5 2. Nf3 e6 3. c3 d5 4. e5 Nc6 5. d4 Qb6 6. Bd3 cxd4 7. O-O dxc3 8. Nxc3
h6 9. Be3 Qd8 10. Re1 Nge7 11. Nb5 Nf5 12. Bxf5 exf5 13. Bf4 Be6 14. Nd6+ Bxd6
15. exd6 O-O 16. Nd4 Nxd4 17. Qxd4 Qb6 18. Qc3 Rac8 19. Qg3 Kh7 20. Be5 Rg8 21.
Rad1 Qb4 22. Bc3 Qg4 23. Qe5 Rc4 24. h3 Qh5 25. Rd3 f4 26. Qxh5 1-0

[Event "Titled Tue 17th Jun Late"]
[Site "chess.com INT"]
[Date "2025.06.17"]
[Round "1"]
[White "Goryachkina, Aleksandra"]
[Black "Mayaud, Raphael"]
[Result "1-0"]
[WhiteTitle "GM"]
[BlackTitle "CM"]
[WhiteElo "2533"]
[BlackElo "2126"]
[WhiteFideId "4147103"]
[BlackFideId "627151"]
[EventDate "2025.06.17"]

1. e4 c6 2. d4 d5 3. e5 Bf5 4. Nf3 e6 5. Be2 c5 6. O-O Nc6 7. c3 cxd4 8. cxd4
Nge7 9. Nc3 Bg4 10. Be3 Nf5 11. Bb5 Rc8 12. h3 Bxf3 13. Qxf3 Be7 14. Bd3 Nxe3
15. fxe3 O-O 16. Ne2 f6 17. exf6 Bxf6 18. Nf4 Qd6 19. Qh5 g6 20. Nxg6 Rf7 21.
Nh4 Rcf8 22. Rxf6 1-0

[Event "Titled Tue 17th Jun Late"]
[Site "chess.com INT"]
[Date "2025.06.17"]
[Round "1"]
[White "Mizzi, Jack"]
[Black "Winkels, Marcel"]
[Result "1-0"]
[WhiteTitle "CM"]
[BlackTitle "CM"]
[WhiteElo "2107"]
[BlackElo "1905"]
[WhiteFideId "5602521"]
[BlackFideId "1003887"]
[EventDate "2025.06.17"]

1. d4 d6 2. Nf3 Nf6 3. g3 Bg4 4. Bg2 Qd7 5. h3 Bh5 6. c4 Nc6 7. Nc3 O-O-O 8. Be3
a6 9. d5 Bxf3 10. Bxf3 Ne5 11. Qd4 Nxf3+ 12. exf3 b6 13. a4 a5 14. Qd3 e6 15. c5
dxc5 16. Qa6+ Kb8 17. Nb5 c6 18. Bf4+ e5 19. Bxe5+ Bd6 20. Bxd6+ Qxd6 21. Qxb6+
Kc8 22. Nxd6+ Rxd6 23. dxc6 Re8+ 24. Kf1 Rd2 25. Qb7+ Kd8 26. c7+ Kd7 27. c8=Q+
Kd6 28. Qcc6+ Ke5 29. Qbc7+ Kf5 30. Qf4+ Kg6 31. Qxd2 1-0

[Event "Titled Tue 17th Jun Late"]
[Site "chess.com INT"]
[Date "2025.06.17"]
[Round "1"]
[White "Martinez, Leonard"]
[Black "Roebers, Eline"]
[Result "1/2-1/2"]
[BlackTitle "IM"]
[WhiteElo "2216"]
[BlackElo "2356"]
[WhiteFideId "2020572"]
[BlackFideId "1058401"]
[EventDate "2025.06.17"]

1. e4 c5 2. Nf3 e6 3. d4 cxd4 4. Nxd4 Nf6 5. Nc3 Nc6 6. Ndb5 Bc5 7. Bf4 O-O 8.
Bc7 Qe7 9. Bd6 Bxd6 10. Qxd6 Qd8 11. Qc7 a6 12. Qxd8 Rxd8 13. Nd6 Kf8 14. f3 Ke7
15. O-O-O b5 16. a4 b4 17. Na2 Ne8 18. Nxc8+ Rdxc8 19. Kb1 Nf6 20. Nc1 d5 21.
exd5 Nxd5 22. Nb3 Ne5 23. Nd4 Rc7 24. Be2 Nb6 25. a5 Nbc4 26. Nb3 Ne3 27. Rd2
Nxg2 28. Rg1 Nh4 29. Rxg7 Nhxf3 30. Bxf3 Nxf3 31. Rf2 Ne5 32. Rxh7 Rg8 33. Nd4
Rg1+ 34. Ka2 Rc5 35. Kb3 Rxa5 36. Rfxf7+ Nxf7 37. Nc6+ Kf6 38. Nxa5 Rg4 39. Nc6
Rg2 40. Nxb4 e5 41. Nxa6 e4 42. Nc5 e3 43. Ne4+ Kg6 44. Rh3 e2 45. Re3 Rxh2 46.
Nc3 Kf6 47. Rxe2 Rxe2 48. Nxe2 Ke5 49. c4 Nd6 50. Kc3 Ke6 51. b4 Kd7 52. Kd4 Kc6
53. b5+ Nxb5+ 54. Kd3 Nd6 55. Nd4+ Kb6 56. c5+ Kxc5 1/2-1/2

[Event "Titled Tue 17th Jun Late"]
[Site "chess.com INT"]
[Date "2025.06.17"]
[Round "1"]
[White "Tang, Austin"]
[Black "Pakleza, Zbigniew"]
[Result "0-1"]
[BlackTitle "GM"]
[WhiteElo "1979"]
[BlackElo "2484"]
[WhiteFideId "30964580"]
[BlackFideId "1119290"]
[EventDate "2025.06.17"]

1. e4 d6 2. d4 Nf6 3. Nc3 c6 4. Nf3 Bg4 5. h3 Bh5 6. Be2 e6 7. O-O d5 8. e5 Nfd7
9. Bg5 Be7 10. Bxe7 Qxe7 11. Qd2 O-O 12. Nh2 Bg6 13. f4 c5 14. Kh1 cxd4 15. Qxd4
Nc6 16. Qf2 Bxc2 17. Bb5 Bg6 18. Rae1 Qc5 19. Bxc6 Qxf2 20. Rxf2 bxc6 21. Na4 c5
22. b3 Rfc8 23. Rc1 c4 24. bxc4 Nb6 25. Nxb6 axb6 26. Rb2 Rxc4 27. Rxc4 dxc4 28.
Rxb6 Rc8 29. Nf3 c3 30. Nd4 c2 31. Nxc2 Bxc2 32. Kg1 h5 33. Kf2 Be4 34. g4 h4
35. Ke3 Bd5 36. f5 Rc3+ 37. Kf4 Rxh3 38. f6 Kh7 39. Kg5 Re3 40. Kxh4 Rxe5 41.
fxg7 Kxg7 42. a4 Re4 43. a5 Ra4 44. Rb5 Kg6 0-1

[Event "Titled Tue 17th Jun Late"]
[Site "chess.com INT"]
[Date "2025.06.17"]
[Round "1"]
[White "Stribuk, Artiom"]
[Black "Reprintsev, Alexander"]
[Result "1-0"]
[WhiteTitle "IM"]
[BlackTitle "IM"]
[WhiteElo "2460"]
[BlackElo "2256"]
[WhiteFideId "13515659"]
[BlackFideId "14100541"]
[EventDate "2025.06.17"]

1. g3 d5 2. Bg2 Nc6 3. Nf3 e5 4. d3 Bg4 5. h3 Bxf3 6. exf3 h5 7. h4 f5 8. O-O
Qd7 9. Re1 O-O-O 10. Bg5 Be7 11. f4 Bxg5 12. fxg5 Nge7 13. Nc3 g6 14. b4 d4 15.
Na4 e4 16. Nc5 Qd6 17. dxe4 Nxb4 18. Nxb7 Qb6 19. exf5 Nxf5 20. Rb1 d3 21. c3 d2
22. Rf1 Nxa2 23. Rxb6 axb6 24. Qc2 Nxc3 25. Qxc3 d1=Q 26. Rxd1 Rxd1+ 27. Kh2
Rhd8 28. Qa3 R8d2 29. Qf8+ Kd7 30. Qd8+ Ke6 31. Qf6+ Kd7 32. Qxg6 Rxf2 33. Qf7+ 1-0

[Event "Titled Tue 17th Jun Late"]
[Site "chess.com INT"]
[Date "2025.06.17"]
[Round "1"]
[White "Sindarov, Islombek"]
[Black "Ashwath Kaushik"]
[Result "1-0"]
[WhiteTitle "CM"]
[BlackTitle "CM"]
[WhiteElo "2129"]
[BlackElo "2040"]
[WhiteFideId "14205475"]
[BlackFideId "33387230"]
[EventDate "2025.06.17"]

1. c4 e5 2. Nc3 Nf6 3. g3 c6 4. Bg2 d5 5. cxd5 cxd5 6. d3 Nc6 7. Nf3 Bb4 8. O-O
O-O 9. a3 Ba5 10. Bg5 Be6 11. b4 Bc7 12. Na4 h6 13. Bd2 b6 14. Rc1 Ne7 15. Bc3
d4 16. Ba1 Rc8 17. Qd2 Ned5 18. Nb2 Nc3 19. Nc4 Bxc4 20. dxc4 Nce4 21. Qc2 Re8
22. Ne1 Nd6 23. Nd3 e4 24. Nf4 Nf5 25. Nd5 Nxd5 26. cxd5 Qxd5 27. Rfd1 Kh7 28.
Qc6 Qxc6 29. Rxc6 e3 30. f4 b5 31. Bxd4 Nxd4 32. Rxd4 Bb6 33. Rd7 Rxc6 34. Bxc6
Rc8 35. Bxb5 Rc3 36. Rxf7 Rxa3 37. Kg2 Rb3 38. f5 Rxb4 39. Bd3 Kg8 40. Rd7 Rc4
41. Bxc4+ 1-0

[Event "Titled Tue 17th Jun Late"]
[Site "chess.com INT"]
[Date "2025.06.17"]
[Round "1"]
[White "Khenkin, Igor"]
[Black "Papacek, Stepan"]
[Result "1-0"]
[WhiteTitle "GM"]
[BlackTitle "FM"]
[WhiteElo "2499"]
[BlackElo "2225"]
[WhiteFideId "4659600"]
[BlackFideId "301035"]
[EventDate "2025.06.17"]

1. e4 c5 2. Nc3 Nc6 3. Bb5 Nd4 4. Bc4 e6 5. Nge2 Ne7 6. Nxd4 cxd4 7. Ne2 Nc6 8.
d3 Be7 9. a3 O-O 10. O-O a6 11. Ba2 b5 12. Ng3 Bb7 13. Qh5 Rc8 14. f4 g6 15. Qh6
Re8 16. f5 Bf8 17. Qh3 Bg7 18. Bd2 Ne5 19. Rac1 d5 20. fxe6 fxe6 21. Ne2 dxe4
22. Bxe6+ Kh8 23. dxe4 Bxe4 24. Bxc8 Qxc8 25. Qxc8 Rxc8 26. Nxd4 Nc4 27. Bc3 Ne3
28. Rfe1 1-0

[Event "Titled Tue 17th Jun Late"]
[Site "chess.com INT"]
[Date "2025.06.17"]
[Round "1"]
[White "Suleymanli, Suleyman"]
[Black "Blackburn, Jonathan L B"]
[Result "1-0"]
[WhiteTitle "FM"]
[BlackTitle "FM"]
[WhiteElo "2308"]
[BlackElo "2207"]
[WhiteFideId "13416375"]
[BlackFideId "1801090"]
[EventDate "2025.06.17"]

1. d4 Nf6 2. Nc3 d5 3. Bf4 a6 4. e3 c5 5. Nf3 Nc6 6. dxc5 Bg4 7. Be2 e6 8. O-O
Bxc5 9. Ne5 Bxe2 10. Nxe2 O-O 11. c3 Bd6 12. Nxc6 bxc6 13. Qa4 c5 14. Rfd1 Bxf4
15. Nxf4 Qb6 16. Rab1 Rfd8 17. c4 d4 18. exd4 cxd4 19. Nd3 Ne4 20. Rbc1 Rac8 21.
f3 Nc5 22. Nxc5 Qxc5 23. b4 Qg5 24. Qb3 a5 25. b5 Qc5 26. Rd3 e5 27. b6 Rb8 28.
Rb1 Rd6 29. b7 Rd7 30. Qa4 Rdxb7 31. Rxb7 Rxb7 32. Qe8+ Qf8 33. Qxe5 Rb1+ 34.
Kf2 Rb2+ 35. Kg3 Rxa2 36. Rxd4 h6 37. Qc7 Kh7 38. Rd8 Qb4 39. Qxf7 Qe1+ 40. Kh3
Qe2 41. Qf5+ 1-0

[Event "Titled Tue 17th Jun Late"]
[Site "chess.com INT"]
[Date "2025.06.17"]
[Round "1"]
[White "Krawczyk, Flawian"]
[Black "Distaso, Antonio Pio"]
[Result "1-0"]
[WhiteTitle "CM"]
[WhiteElo "2247"]
[BlackElo "2253"]
[WhiteFideId "21881413"]
[BlackFideId "805548"]
[EventDate "2025.06.17"]

1. d4 d5 2. c4 c6 3. cxd5 cxd5 4. Nc3 Nf6 5. Bf4 Nc6 6. Nf3 a6 7. e3 Bg4 8. Be2
e6 9. O-O Bd6 10. Bxd6 Qxd6 11. Rc1 O-O 12. Na4 Bxf3 13. Bxf3 Rac8 14. Nc5 Qb8
15. Qb3 Rc7 16. Be2 Nd7 17. Nxd7 Rxd7 18. Qa4 Rc7 19. Bxa6 bxa6 20. Rxc6 Rxc6
21. Qxc6 Qxb2 22. Qxa6 g6 23. h3 Rb8 24. a4 Kg7 25. a5 Rb3 26. Qd6 Ra3 27. a6
Qa2 28. Qe5+ Kh6 29. Qf6 Rxa6 30. Qxf7 Qc2 31. Qf8+ Kh5 32. g4+ Kg5 33. Qf4+ Kh4
34. Qh6# 1-0

[Event "Titled Tue 17th Jun Late"]
[Site "chess.com INT"]
[Date "2025.06.17"]
[Round "1"]
[White "Frischmann, Rick"]
[Black "Caruana, Fabiano"]
[Result "0-1"]
[WhiteTitle "FM"]
[BlackTitle "GM"]
[WhiteElo "2355"]
[BlackElo "2777"]
[WhiteFideId "24660752"]
[BlackFideId "2020009"]
[EventDate "2025.06.17"]

1. e4 e6 2. d4 d5 3. e5 c5 4. c3 Nc6 5. Nf3 Bd7 6. Be2 Nge7 7. Na3 cxd4 8. cxd4
Nf5 9. Nc2 Be7 10. O-O Rc8 11. Bd3 a6 12. Bd2 h5 13. g3 g5 14. h3 g4 15. hxg4
hxg4 16. Bxf5 exf5 17. Nfe1 f4 18. Bxf4 Bf5 19. Ne3 Be4 20. f3 gxf3 21. Nxf3 Qd7
22. Rf2 Qe6 23. Rc1 Kd7 24. Nh2 Rcg8 25. Nef1 Kc8 26. a3 Kb8 27. b4 Bd8 28. Rc5
Bb6 29. Qd2 Bxc5 30. bxc5 Rh3 31. Qe3 Ka8 32. Nd2 Bg6 33. Rg2 Qf5 34. Qc3 Rgh8 0-1

[Event "Titled Tue 17th Jun Late"]
[Site "chess.com INT"]
[Date "2025.06.17"]
[Round "1"]
[White "Sargsyan, Shant"]
[Black "Carroll, Thomas"]
[Result "1-0"]
[WhiteTitle "GM"]
[WhiteElo "2669"]
[BlackElo "2131"]
[WhiteFideId "13306766"]
[BlackFideId "450111"]
[EventDate "2025.06.17"]

1. c4 Nf6 2. g3 c6 3. Bg2 d5 4. Nf3 Bf5 5. Qb3 Qb6 6. Nc3 e6 7. d3 Nbd7 8. O-O
Be7 9. Nh4 Bg6 10. Be3 Qxb3 11. axb3 a6 12. Nxg6 hxg6 13. h3 O-O 14. Rfc1 b5 15.
Bd2 Rfb8 16. cxd5 cxd5 17. d4 Bb4 18. Rc2 Rc8 19. Rac1 Ne8 20. Nxd5 Rxc2 21.
Rxc2 exd5 22. Bxb4 Nef6 23. Ba5 Re8 24. e3 Re6 25. Rc8+ Kh7 26. Rc7 g5 27. Bxd5
Nxd5 28. Rxd7 Nf6 29. Rxf7 Kg6 30. Rc7 Ne4 31. Kg2 Nf6 32. g4 Ne4 33. f3 Nf6 34.
e4 Ne8 35. Rc1 Rd6 36. d5 Kf6 37. Kf2 Ke5 38. Bc3+ Kf4 39. Bd4 a5 40. Rc8 Nf6
41. Rc6 Rd8 42. Re6 Nd7 43. Be3# 1-0